000 00602cam a22002293a 4500
001 13027
003 PGUSA
005 20140828083300.0
008 040726s2004||||xxu|||||s|||||000 1 eng d
040 _aPGUSA
_beng
042 _adc
050 4 _aPQ
100 1 _aMalot, Hector,
_d1830-1907
245 1 0 _aCara
_h[electronic resource] /
_cHector Malot
260 _bProject Gutenberg,
_c2004
506 _aPublic domain in the USA.
516 _aElectronic text
653 _aFrench fiction
830 0 _aProject Gutenberg
_v13027
856 4 0 _uhttp://www.gutenberg.org/ebooks/13027
942 _cEB
999 _c242282
_d242282